63: dream palace : and other stories /

সংরক্ষণ করুন:
গ্রন্থ-পঞ্জীর বিবরন
প্রধান লেখক: Purdy, James (লেখক)
অন্যান্য লেখক: Albee, Edward
বিন্যাস: গ্রন্থ
ভাষা:ইংরেজি
প্রকাশিত: Harmondsworth, Middlesex ; New York : Penguin Books, 1980
ট্যাগগুলো: ট্যাগ যুক্ত করুন
কোনো ট্যাগ নেই, প্রথমজন হিসাবে ট্যাগ করুন!

MARC

LEADER 00000nam a22000007i 4500
001 IT\ICCU\UBO\1775115
003 ItRI
005 20260115231813.0
008 020711s1980 xxu|||||| ||||| |||||c
020 |a 0140057323 
040 |b ita  |c importazione bologna sebina 
041 7 |a eng  |2 ISO-639-2 
100 1 |a Purdy, James  |0 IT\ICCU\RAVV\027033  |4 aut 
245 1 0 |a 63: dream palace :  |b and other stories /  |c by James Purdy ; foreword by Edward Albee. 
260 |a Harmondsworth, Middlesex ;  |a New York :  |b Penguin Books,  |c 1980 
300 |a 181 p. ;  |c 20 cm. 
700 1 |a Albee, Edward  |0 IT\ICCU\CFIV\070662 
790 1 |a Albee, Edward Franklin  |3 IT\ICCU\SBNV\064226  |z Albee, Edward 
942 |2 ddc  |c BK  |n 0 
952 |0 0  |1 0  |4 0  |6 DOC_813_540000000000000_PUR  |7 0  |9 12990  |a BO  |b BO  |d 2026-01-15  |i 223  |l 0  |o DOC 813.54 PUR  |p BO223  |r 2026-01-15 23:18:13  |w 2026-01-15  |x [Sebina 5] [1 v.]  |y BK  |z 1 v. 
999 |c 11124  |d 11124